000 01005pam a2200289 a 4500
999 _c552
_d552
001 531713
003 GZU
005 20200907105545.0
008 870317s1987 enka j 001 0 eng
010 _a 87003858
020 _a0582331722 (pbk.)
040 _aDLC
_cDLC
_dDLC
042 _alcac
050 0 0 _aD421
_b.O25 1987
082 0 0 _a909.82
_219
100 1 _aO'Callaghan, Bryn.
245 1 2 _aA history of the twentieth century /
_cBryn O'Callaghan.
260 _aLondon ;
_aNew York :
_bLongman,
_c1987.
300 _a316 p. :
_bill. ;
_c27 cm.
500 _aIncludes index.
520 _aTraces the history of the world from the beginning of the twentieth century to the present day with emphasis on major events and their consequences.
650 0 _aHistory, Modern
_y20th century
_xJuvenile literature.
650 1 _aHistory, Modern
_y20th century.
740 0 _aHistory of the 20th century.
906 _a7
_bcbc
_corignew
_d1
_eocip
_f19
_gy-gencatlg
942 _2lcc
_cBK
_h421.025
_iO'CA
_kD
_m1987